| 000 | 00762nam a2200169 i 4500 | ||
|---|---|---|---|
| 001 | 190187 | ||
| 003 | ES-MaACL | ||
| 005 | 20230906223647.0 | ||
| 008 | 200909s1877 sp |||| | spa d | ||
| 111 | 0 |
_aExposición Nacional Vinícola ( _d1877. _cMadrid) _9708 |
|
| 245 | 1 | 0 |
_aExposición Nacional Vinícola de 1877 _b: idea general de las salas e instalaciones. |
| 260 |
_a[S.l.] : _b[s.n.], _c1877 ( _eMadrid : _fImp., Estereotipia y Galvanoplastia de Aribau y Cª) |
||
| 300 |
_a[1] h. pleg. de plano, 29 p. ; _c21 cm. |
||
| 500 | _a"Capítulo que forma parte de los preliminares del catálogo general, adicionado con un resumen provisional del número de expositores" | ||
| 650 | 4 |
_aIndustria vitivinícola- _zEspaña. _9170300 |
|
| 852 |
_aES-MaACL _jT-679-4 |
||
| 999 |
_c190187 _d190187 |
||